| 000 | 00660nam a2200253Ia 4500 | ||
|---|---|---|---|
| 003 | OSt | ||
| 005 | 20221006142518.0 | ||
| 006 | a|||||r|||| 00| 0 | ||
| 007 | ta | ||
| 008 | 221006b |||||||| |||| 00| 0 eng d | ||
| 020 |
_c _6.95 |
||
| 024 | _a6,499 | ||
| 037 | _cTextual | ||
| 040 |
_aEASL _cEASL _beng |
||
| 041 |
_2eng _aeng |
||
| 082 | _aY.931.N5, K6 | ||
| 100 |
_aFARWELL George _9119273 |
||
| 245 | 0 |
_aMask of Asia _b The philippines today |
|
| 260 |
_aNew York _bFrederick A. Praeger Pub. _c1966 |
||
| 300 |
_a227p. _ccm. |
||
| 490 | _v Oth | ||
| 942 |
_hY.931.N5, K6 _cTEXL _2CC |
||
| 999 |
_c1074585 _d1074585 |
||